Shah Amanat Int. Airport Destinations (Chittagong, Bangladesh) - Statistics

General Stats
  • This quiz has been taken 35 times
    9 since last reset
  • The average score is 9 of 14
Answer Stats
Airline Destination % Correct
Air Astra/Biman Bangladesh Airlines/Novoair/US-Bangla Airlines Dhaka
100%
Biman Bangladesh Airlines/Qatar Airways/US-Bangla Airlines Doha
100%
Jazeera Airways Kuwait City
100%
Biman Bangladesh Airlines/flydubai Dubai (International)
88%
Air Arabia/Biman Bangladesh Airlines/US-Bangla Airlines Abu Dhabi
75%
Biman Bangladesh Airlines Jeddah
75%
Air Arabia/Biman Bangladesh Airlines Sharjah
75%
Biman Bangladesh Airlines Sylhet
75%
US-Bangla Airlines Kolkata
63%
Biman Bangladesh Airlines Medina
50%
Biman Bangladesh Airlines/Salam Air/US-Bangla Airlines Muscat
50%
Biman Bangladesh Airlines Cox's Bazar
38%
Biman Bangladesh Airlines/US-Bangla Airlines Jashore
13%
US-Bangla Airlines Saidpur
0%
No matching quizzes found
Score Distribution
Percent of People with Each Score
Percentile by Number Answered
Your Score History
You have not taken this quiz since the last reset